000 00479nam a2200169Ia 4500
999 _c22455
_d22455
003 OSt
005 20200206115042.0
008 190216s9999||||xx |||||||||||||| ||und||
040 _coclc
082 _a297
_bKUT/I
100 _aKuttasseri, Mohammed
_91852
245 0 _aIthanu Islam /
_cMohammed Kuttasseri
260 _bKnm Publishing Wing,
_c1991.
_aCalicut:
300 _a160p
650 _aIslamic History
942 _cBK
_2ddc
_h297
_iKUT/I
_k297
_mKUT/I